Music Quiz

Random Music or Rock Quiz

'80s Rock Music Slideshow Quiz Stats

Quiz Updated Jul 8, 2016

Challenge
Share
Tweet
Score 0/40 Timer 12:00
10 Plays Today
% Correct
Guns N' Roses
93.8%
ZZ Top
83.5%
The Police
81.8%
Ozzy Osbourne
76.7%
Twisted Sister
73.6%
Genesis
72.5%
Pat Benatar
70.9%
Eurythmics
70.4%
AC/DC
69.8%
Van Halen
67.6%
Journey
66%
Bon Jovi
64.1%
Mötley Crüe
63.1%
Joan Jett & the Blackhearts
60.2%
Poison
60.1%
A Flock of Seagulls
59.8%
U2
59.6%
Metallica
59.5%
Huey Lewis and the News
59%
The Bangles
58.5%
% Correct
The Go-Go's
58.1%
The Cure
55.9%
Duran Duran
55.8%
Tears for Fears
51.4%
Motörhead
45.8%
Def Leppard
45.3%
INXS
43.7%
Rush
42.3%
Judas Priest
41.7%
The Smiths
40.8%
Talking Heads
40.3%
Dire Straits
37.7%
Quiet Riot
37.3%
Megadeth
35.8%
Iron Maiden
34.2%
R.E.M.
33.6%
a-ha
33.4%
Slayer
18.3%
The Pixies
12.8%
New Order
11%

You're not logged in!

Compare scores with friends on all Sporcle quizzes.
Join for Free
OR
Log In

You Might Also Like...

Show Comments

Extras

Top Quizzes Today


Score Distribution

Your Account Isn't Verified!

In order to create a playlist on Sporcle, you need to verify the email address you used during registration. Go to your Sporcle Settings to finish the process.

Report this User

Report this user for behavior that violates our Community Guidelines.

Details: